| 000 | 00000nam 2200000za 4500 |
| 001 | 9.816828 |
| 003 | CaOODSP |
| 005 | 20221107142334 |
| 007 | cr ||||||||||| |
| 008 | 160504s1995 onc |o f|0| 0 eng d |
| 020 | |z0-660-15561-3 |
| 040 | |aCaOODSP|beng |
| 043 | |an-cn--- |
| 086 | 1 |aCS89-542/1995E-PDF |
| 245 | 02|aA portrait of persons with disabilities |h[electronic resource] : |btarget groups project / |cpublished by authority of the Minister responsible for Statistics Canada. |
| 260 | |aOttawa : |bStatistics Canada, |c1995. |
| 300 | |a72 p. : |btables, charts. |
| 500 | |aIssued also in French under title: Un portrait des personnes ayant une incapacité : projet des groups cibles. |
| 500 | |aDigitized edition from print [produced by Statistics Canada]. |
| 500 | |a"February 1995." |
| 692 | 07|2gccst|aPersons with disabilities |
| 710 | 2 |aStatistics Canada. |
| 775 | 08|tUn portrait des personnes ayant une incapacité |w(CaOODSP)9.816832 |
| 856 | 40|qPDF|s13.49 MB|uhttps://publications.gc.ca/collections/collection_2016/statcan/CS89-542-1995-eng.pdf |